Manual técnico de cables de energía

Kaydedildi:
Detaylı Bibliyografya
Yazar: Sierra Madrigal, Víctor
Diğer Yazarlar: Sansores Escalante, Alfonso
Materyal Türü: Kitap
Dil:Spanish
Baskı/Yayın Bilgisi: México : Mc Graw Hill 1983
Konular:
Etiketler: Etiketle
Etiket eklenmemiş, İlk siz ekleyin!

MARC

LEADER 00000nam a2200000Ia 4500
003 002437
005 20221231143946.0
008 140114s1983 mx a 000 ||spa d
020 |a 9684515766 
040 |c cru CEDI 
082 |a 621.319 S572m 
100 |a Sierra Madrigal, Víctor  |9 21526 
245 |a Manual técnico de cables de energía  
260 |a México : Mc Graw Hill  |c 1983 
300 |a xi, 435 páginas :ilustraciones 
650 |x DISTRIBUCION DE ENERGIA ELECTRICA   |x CONDUCTORES ELECTRICOS   |x CABLES ELECTRICOS  |9 21528 
700 |9 21527  |a Sansores Escalante, Alfonso  
942 |2 ddc  |c BK 
999 |c 14800  |d 14800